Death etc. / (Record no. 328630)

000 -LEADER
fixed length control field 00985cam a22002294a 4500
001 - CONTROL NUMBER
control field 13981253
003 - CONTROL NUMBER IDENTIFIER
control field Nust
005 - DATE AND TIME OF LATEST TRANSACTION
control field 20170412160429.0
008 - FIXED-LENGTH DATA ELEMENTS--GENERAL INFORMATION
fixed length control field 050525s2005 nyu 000 0 eng
010 ## - LIBRARY OF CONGRESS CONTROL NUMBER
LC control number 2005050203
020 ## - INTERNATIONAL STANDARD BOOK NUMBER
International Standard Book Number 0802142257
040 ## - CATALOGING SOURCE
Original cataloging agency DLC
Transcribing agency DLC
Modifying agency DLC
050 00 - LIBRARY OF CONGRESS CALL NUMBER
Classification number PR6066.I53
Item number D43 2005
082 00 - DEWEY DECIMAL CLASSIFICATION NUMBER
Classification number 822.914 PIN
Edition number 22
100 1# - MAIN ENTRY--PERSONAL NAME
Personal name Pinter, Harold,
Dates associated with a name 1930-2008.
245 10 - TITLE STATEMENT
Title Death etc. /
Statement of responsibility, etc. Harold Pinter.
260 ## - PUBLICATION, DISTRIBUTION, ETC.
Place of publication, distribution, etc. New York :
Name of publisher, distributor, etc. Grove Press,
Date of publication, distribution, etc. c2005.
300 ## - PHYSICAL DESCRIPTION
Extent 125 p. ;
Dimensions 20 cm.
500 ## - GENERAL NOTE
General note Includes author's "Wilfred Owen Award" speech, given on Mar. 18, 2005.
856 42 - ELECTRONIC LOCATION AND ACCESS
Materials specified Publisher description
Uniform Resource Identifier <a href="http://www.loc.gov/catdir/enhancements/fy1413/2005050203-d.html">http://www.loc.gov/catdir/enhancements/fy1413/2005050203-d.html</a>
906 ## - LOCAL DATA ELEMENT F, LDF (RLIN)
a 7
b cbc
c orignew
d 1
e ocip
f 20
g y-gencatlg
942 ## - ADDED ENTRY ELEMENTS (KOHA)
Source of classification or shelving scheme
Koha item type Book
Holdings
Withdrawn status Lost status Source of classification or shelving scheme Damaged status Not for loan Permanent Location Current Location Date acquired Total Checkouts Full call number Barcode Date last seen Price effective from Koha item type
          School of Civil and Environmental Engineering (SCEE) School of Civil and Environmental Engineering (SCEE) 04/12/2017   822.914 PIN NIT-8394 04/12/2017 04/12/2017 Book
© 2023 Central Library, National University of Sciences and Technology. All Rights Reserved.